الأساس في الخطب و المواعظ / (رقم التسجيلة. 4532)
[ عرض عادي ]
| 000 -الفاتح | |
|---|---|
| عناصر البيانات ثابتة الطول | 00746cam a2200181 i 4500 |
| 005 - تاريخ ووقت آخر معاملة | |
| حقل ضبط | 20251224082452.0 |
| 008 - عناصر البيانات ثابتة الطول | |
| عناصر البيانات ثابتة الطول | 250721s1995 jo gr 000 0 ara d |
| 082 14 - رقم تصنيف ديوي العشري | |
| رقم التصنيف | 218,51 |
| رقم المادة | ا د ل |
| 100 1# - مدخل رئيسي – اسم شخصي | |
| الاسم الشخصي | أدلبي، ناصر مصطفى |
| علاقة الشخص بالعمل/ دوره | مؤلف. |
| 245 12 - بيان العنوان | |
| العنوان | الأساس في الخطب و المواعظ / |
| بيان المسؤولية | تأليف ناصر مصطفى ادلبي ؛ راجعه وقدم له الاستاذ الشيخ محمود الحامد، الاستاذ الشيخ عبدو الحريري. |
| 250 ## - بيان الطبعة | |
| بيان الطبعة | الطبعه الاولى. |
| 264 31 - بيانات النشر، التوزيع…إلخ | |
| مكان النشر، التوزيع...إلخ | عمان : |
| اسم الناشر، الموزع...إلخ | دار البشير، |
| تاريخ النشر، التوزيع...إلخ | 1995. |
| 300 ## - الوصف المادي | |
| عدد الوحدات المكونة للوعاء | 416 صفحة. |
| 650 17 - مدخل إضافي بالموضوع - مصطلح موضوعي | |
| مصطلح موضوعي أو اسم جغرافي كعنصر مدخل | الوعظ و الإرشاد. |
| 650 17 - مدخل إضافي بالموضوع - مصطلح موضوعي | |
| مصطلح موضوعي أو اسم جغرافي كعنصر مدخل | الخطب الدينية. |
| 942 ## - بيانات إضافية (كوها) | |
| نوع التنصيف | Dewey Decimal Classification |
| نوع المادة (كوها) | كتب |
| حالة السحب | حالة الفقدان | مصدر التصنيف | حالة التلف | غير قابل للإعارة | المكتبة الرئيسية | المكتبة الحالية | موقع الرف | تاريخ التزويد | الرقم المتسلسل | Total Checkouts | رقم الإستدعاء | تاريخ آخر ظهور | تاريخ الفاتورة | نوع المادة (كوها) | الباركود | العملة |
|---|---|---|---|---|---|---|---|---|---|---|---|---|---|---|---|---|
| Dewey Decimal Classification | Unchecked | المكتبة المركزية | المكتبة المركزية | الإعارة | 06/07/2004 | 239240 | 218,51/ادل | 28/07/2025 | 06/07/2004 | كتب | ||||||
| Dewey Decimal Classification | المكتبة المركزية | المكتبة المركزية | الإعارة | 24/12/2025 | 239239 | 218,51 / ا د ل | 24/12/2025 | 24/12/2025 | كتب | PLD239239 | JOD | |||||
| Dewey Decimal Classification | Unchecked | مكتبة الحسن العامة | مكتبة الحسن العامة | الإعارة | 06/07/2004 | 9911 | 218,51/ادل | 28/07/2025 | 06/07/2004 | كتب | ||||||
| Dewey Decimal Classification | مكتبة النصر العامة | مكتبة النصر العامة | الإعارة | 26/10/2014 | 8191) | 218,51/ادل | 28/07/2025 | 26/10/2014 | كتب | PLD00308761 | ||||||
| Dewey Decimal Classification | مكتبة صويلح العامة | مكتبة صويلح العامة | الإعارة | 28/12/2015 | [1163 | 218,51/ادل | 28/07/2025 | 28/12/2015 | كتب | PLD00368120 | ||||||
| Dewey Decimal Classification | Unchecked | مكتبة وادي السير العامة | مكتبة وادي السير العامة | الإعارة | 06/07/2004 | 6371 | 218,51/ادل | 28/07/2025 | 06/07/2004 | كتب |